000 00659nam a2200253Ia 4500
005 20260123122737.0
008 008 260114s9999 xx 000 0 eng d
020 _a9781452218397
037 _aEBOOK
040 _aCRL
040 _beng
040 _cCRL
041 _2eng
041 _aeng
084 _qCRL
100 _aDarla K. Deardorff, Hans de Wit, John D. Heyl, Tony Adams
_91105056
245 4 _aThe SAGE Handbook of International Higher Education
260 _bSAGE
260 _c2012
856 _uhttps://sk.sagepub.com/reference/hdbk_interntlhighereducation
942 _cEBOOK
999 _c1670292
_d1670292